000 00304nam a22001337a 4500
020 _a81-7582-032-0
082 _a030
_bBLU/M
100 _aBLUBIRD BOOKS
245 _aMY OWN FIRST PICTURE DICTIONARY
260 _aDELHI
_bBLUEBIRD BOOKS
_c2000
300 _a80
650 _aDICTIONARY
_zINDIA
942 _cBK
999 _c2143
_d2143